Países que Consumen la Menor Cantidad de Carne - Estadísticas

Estadísticas generales
  • Esta prueba ha sido intentada 106 veces
  • La puntuación promedio es 9 de 20
Estadísticas de respuestas
Kg País % Correcto
12,4 India
88%
19,6 Pakistán
65%
7,9 Níger
56%
6,2 Rep. Dem. del Congo
53%
9,3 Afganistán
52%
17,6 Nepal
51%
7,2 Etiopía
48%
12,3 Kenia
48%
12,8 Nigeria
48%
14,8 Malí
47%
16,7 Tanzania
47%
11,1 Irak
42%
11,2 Ruanda
41%
5,5 Burundi
40%
19,9 Yemen
40%
15,0 Siria
36%
10,7 Lesoto
24%
16,4 Yibuti
24%
16,1 Guinea-Bissau
23%
9,3 Madagascar
23%
No se encontraron pruebas coincidentes
Distribución de puntuación
Porcentaje de gente con cada puntuación
Porcentaje por número respondido
Historial de tus puntuaciones
No has intentado esta prueba.